Firemná kultúra a konkurencia

Podniky v boji s konkurenciou už neobstoja kvalitou svojej produkcie, či pridanou hodnotou alebo cenou. Toto sa totiž stalo samozrejmosťou. Čím zaujať, udržať alebo prilákať zákazníkov. Budovanie identity. Podniková kultúra - pojem, vlastnosti, prvky, budovanie podnikovej kultúry. Podniková kultúra...

Description complète

Enregistré dans:
Détails bibliographiques
Auteur principal: Poniščiaková, Oľga
Format: Chapitre de livre
Langue:slovaque
Sujets:
Tags: Ajouter un tag
Pas de tags, Soyez le premier à ajouter un tag!

MARC

LEADER 00000naa$a2200000$$$4500
001 0060420
005 20231120105910.2
041 0 |a slo 
044 |a SK 
245 1 0 |a Firemná kultúra a konkurencia  |c Oľga Poniščiaková 
520 |a Podniky v boji s konkurenciou už neobstoja kvalitou svojej produkcie, či pridanou hodnotou alebo cenou. Toto sa totiž stalo samozrejmosťou. Čím zaujať, udržať alebo prilákať zákazníkov. Budovanie identity. Podniková kultúra - pojem, vlastnosti, prvky, budovanie podnikovej kultúry. Podniková kultúra patrí k nástrojom riadenia. 
610 2 0 |a podnik 
610 2 0 |a konkurencieschopnosť 
610 2 0 |a identita podniková 
610 2 0 |a kultúra podniková 
610 2 0 |a pojmy 
610 2 0 |a nástroje riadenia 
100 1 |a Poniščiaková, Oľga